000 00670nam a2200229 a 4500
001 14161
003 BD-JhCC
005 20250203134127.0
008 250203b2021 ii a|||| ||a| 001 0 eng d
020 _a9789388369183
035 _a(BD-JhCC)14161
040 _aBD-JhCC
_dBD-JhCC
041 _aenglish
082 _a808.83
_bTOL 2021
100 _a Tolstoy,Leo
245 _aThe Greatest Short Stories of Leo Tolstoy /
_cLeo Tolstoy.
260 _aIndia:
_bPrakash Books;
_c2021.
300 _a620 p. :
_bill;
_c22 cm.
650 _aEnglish literature
_zThe Greatest Short Stories of Leo Tolstoy
_yfor collections of short stories.
942 _2ddc
_cBK
999 _c14161
_d14161